• 首页
  • 本馆介绍
  • 公告通知
  • 最新文献
  • 馆藏检索
  • 电子资源
  • 读者导购
  • 参考咨询
  • 我的图书馆
  • 登录
  • 详细信息显示
  • 放入我的书架
  • 预约/预借图书
  • 作者相关作品
  • 分类相关作品
  • 丛书相关作品
  • 出版社相关作品

书目信息

  • 表格格式
  • 工作单格式
  • 卡片格式
题名:
商业统计
    
 
作者: ;中等商业供销学校 编
分册:  
出版信息: 北京   中国财政经济出版社  1980
页数: 391页
开本: 19cm
丛书名:
单 册:
中图分类: F712.3
科图分类:
主题词: 商业统计--教材
电子资源:
ISBN: 4166.169
000 00659nam0 2200229 450
001 0180002687
005 20100712215742.0
010    @a4166.169@dCNY1.00
091    @a4166.169
100    @a19950606d1980 em y0chiy0110 ea
101 0  @achi
102    @aCN@b110000
105    @ay z 000yy
106    @ar
200 1  @a商业统计@9Shang Ye Tong Ji @f中等商业供销学校商业统计教材编写组编
210    @a北京@c中国财政经济出版社@d1980
215    @a391页@d19cm
606 0  @a商业统计@x教材
690    @aF712.3@v3
711 02 @a中等商业供销学校@9zhong deng shang ye gong xiao xue xiao@4编
801  0 @aCN@bAzMarc@c20130904
905    @aBZT@dF712.3@e15@f1@sF712.3/15
    
    商业统计/中等商业供销学校商业统计教材编写组编.-北京:中国财政经济出版社,1980
    391页;19cm
    
    
    ISBN 4166.169:CNY1.00
    
●
相关链接 在五车中查询图书 在当当中查询图书 在豆瓣中查询图书


正题名:商业统计     索取号:F712.3/15         预约/预借

序号 登录号 条形码 馆藏地/架位号 状态 备注
1 2000125708   2000125708   旧书回溯/ [索取号:F712.3/15] 在馆    
山东省滨州职业学院图书馆 欢迎您!
大连网信软件有限公司© 版权所有